Mind if I read your mind? / (Record no. 2150)

MARC details
000 -LEADER
fixed length control field 01634cam a22004097a 4500
001 - CONTROL NUMBER
control field 2150
003 - CONTROL NUMBER IDENTIFIER
control field FISKH
005 - DATE AND TIME OF LATEST TRANSACTION
control field 20231107144725.0
008 - FIXED-LENGTH DATA ELEMENTS--GENERAL INFORMATION
fixed length control field 121127s2012 nyu j 000 1 eng d
010 ## - LIBRARY OF CONGRESS CONTROL NUMBER
LC control number 2012418602
016 7# - NATIONAL BIBLIOGRAPHIC AGENCY CONTROL NUMBER
Record control number 016076993
Source Uk
020 ## - INTERNATIONAL STANDARD BOOK NUMBER
International Standard Book Number 9780545298889
020 ## - INTERNATIONAL STANDARD BOOK NUMBER
International Standard Book Number 9780545298834
020 ## - INTERNATIONAL STANDARD BOOK NUMBER
International Standard Book Number 0545298881
035 ## - SYSTEM CONTROL NUMBER
System control number (OCoLC)ocn764385227
040 ## - CATALOGING SOURCE
Original cataloging agency BTCTA
Language of cataloging eng
Transcribing agency BTCTA
Modifying agency BDX
-- UKMGB
-- HSA
-- JAG
-- XYZ
-- CO2
-- ORX
-- JP7
-- DLC
042 ## - AUTHENTICATION CODE
Authentication code lccopycat
050 00 - LIBRARY OF CONGRESS CALL NUMBER
Classification number PZ7.W72934
Item number Min 2012
082 04 - DEWEY DECIMAL CLASSIFICATION NUMBER
Classification number 813.6
Edition number 23
100 1# - MAIN ENTRY--PERSONAL NAME
Personal name Winkler, Henry,
Dates associated with a name 1945-
245 10 - TITLE STATEMENT
Title Mind if I read your mind? /
Statement of responsibility, etc. Henry Winkler and Lin Oliver.
260 ## - PUBLICATION, DISTRIBUTION, ETC.
Place of publication, distribution, etc. New York :
Name of publisher, distributor, etc. Scholastic,
Date of publication, distribution, etc. 2012.
300 ## - PHYSICAL DESCRIPTION
Extent 172 pages ;
Dimensions 20 cm
490 0# - SERIES STATEMENT
Series statement Ghost buddy ;
Volume/sequential designation Book 2
505 ## - FORMATTED CONTENTS NOTE
Formatted contents note R<br/>
520 ## - SUMMARY, ETC.
Summary, etc. It's time for Moorepark Middle School's annual Speak Out Challenge, and Billy Broccoli thinks he's got it made. With his best friend Hoover Porterhouse -the ghost with the most-by his side, Billy's got the competition in the bag. Who wouldn't vote for a demonstration on mind reading? But when Billy lands a spot on the seventh grade team, he starts spending more time with his new teammates than he does with Hoover. And the Hoove plays second fiddle to no one!.
521 8# - TARGET AUDIENCE NOTE
Target audience note 770<br/>
Source Lexile<br/>
521 8# - TARGET AUDIENCE NOTE
Target audience note R<br/>
Source Raz-Plus<br/>
650 #0 - SUBJECT ADDED ENTRY--TOPICAL TERM
Topical term or geographic name entry element Friendship
Form subdivision Juvenile fiction.
650 #0 - SUBJECT ADDED ENTRY--TOPICAL TERM
Topical term or geographic name entry element Schools
Form subdivision Juvenile fiction.
650 #1 - SUBJECT ADDED ENTRY--TOPICAL TERM
Topical term or geographic name entry element Ghosts
Form subdivision Fiction.
650 #1 - SUBJECT ADDED ENTRY--TOPICAL TERM
Topical term or geographic name entry element Schools
Form subdivision Fiction.
650 #1 - SUBJECT ADDED ENTRY--TOPICAL TERM
Topical term or geographic name entry element Telepathy
Form subdivision Fiction.
700 1# - ADDED ENTRY--PERSONAL NAME
Personal name Oliver, Lin.
Relator term Author
906 ## - LOCAL DATA ELEMENT F, LDF (RLIN)
a 7
b cbc
c copycat
d 2
e ncip
f 20
g y-gencatlg
942 ## - ADDED ENTRY ELEMENTS (KOHA)
Source of classification or shelving scheme Dewey Decimal Classification
Koha item type Books
Suppress in OPAC No
Holdings
Withdrawn status Lost status Source of classification or shelving scheme Damaged status Not for loan Collection Home library Current library Shelving location Date acquired Total Checkouts Full call number Barcode Date last seen Price effective from Koha item type
    Dewey Decimal Classification     Juvenile Fiction Footprints International School Library Network Toul Kork Campus Footprints International School Library Network Toul Kork Campus TK Primary Library Room(4th Floor), Bookcase 5&6, Shelves 33-56, Orange Books 11/07/2023   WIN 813.6 PZ7.W72934 FISTK00607 11/07/2023 11/07/2023 Books